zpět

Detail výsledku týmu

Záložna ST, Pardubice

Datum a čas kvízu

14.5 Celkem bodů Celkový počet nahraných bodů na tomto kvízu bez doplňovacích otázek.
12. Pořadí na kvízu Konečné umístění týmu na tomto kvízu.

Zaznamenané odpovědi

# Otázka Odpověď Body Výsledky
1. Opravdu kuriózní střet se odeh... 0
2. Kim Čong-un si na summit v Sin... 0
3. V pondělí bylo oznámeno jméno... 0
4. Česká národní banka rozhodla o... 0
5. Jakým výsledkem skončil úvodní... 0
6. My Češi jsme specialisté na př... 0
7. Vozidlo Tatra 57 bylo vyráběno... 0
8. Jakou ptačí přezdívku dostal v... 0
9. V roce 1976 začala firma Merce... 0
10. Sovětský automobil vyšší střed... 0